Zmeny v organizácii a pôsobnosti ústredných orgánov štátnej správy

Národná rada SR na svojom zasadnutí 10. marca 1995 schválila zákon, ktorým sa mení a dopĺňa zákon SNR č.347/1990 Zb. o organizácii ministerstiev a ostatných ústredných orgánov štátnej správy v znení neskorších predpisov. Niektoré organizačné a kompetenčné zmeny, ktoré sú súčasťou zákona.

Enregistré dans:
Détails bibliographiques
Auteur principal: Grman, Štefan
Format: Chapitre de livre
Langue:slovaque
Sujets:
Tags: Ajouter un tag
Pas de tags, Soyez le premier à ajouter un tag!

MARC

LEADER 00000naa a2200000 4500
001 r018385
005 20221213101457.2
041 0 |a slo 
044 |a SK 
245 1 0 |a Zmeny v organizácii a pôsobnosti ústredných orgánov štátnej správy  |c Štefan Grman 
520 |a Národná rada SR na svojom zasadnutí 10. marca 1995 schválila zákon, ktorým sa mení a dopĺňa zákon SNR č.347/1990 Zb. o organizácii ministerstiev a ostatných ústredných orgánov štátnej správy v znení neskorších predpisov. Niektoré organizačné a kompetenčné zmeny, ktoré sú súčasťou zákona. 
610 2 0 |a zákony 
610 2 0 |a Slovensko 
610 2 0 |a orgány štátne 
610 2 0 |a správa štátna 
610 2 0 |a 1990-1995 
100 1 |a Grman, Štefan